Nord ou Pas-de-Calais ? - Statistiques

Statistiques générales
  • Ce quiz a été pris 647 fois
    619 depuis la dernière actualisation
  • Le résultat moyen est 24 sur 28
Statistiques - réponses
Question Réponse % Correct
Lille Nord
100%
Valenciennes Nord
98%
Tourcoing Nord
98%
Roubaix Nord
98%
Villeneuve-d'Ascq Nord
96%
Calais Pas-de-Calais
96%
La Madeleine Nord
94%
Lens Pas-de-Calais
94%
Arras Pas-de-Calais
94%
Dunkerque Nord
90%
Maubeuge Nord
90%
Armentières Nord
90%
Le Touquet-Paris-Plage Pas-de-Calais
90%
Saint-Omer Pas-de-Calais
89%
Liévin Pas-de-Calais
88%
Béthune Pas-de-Calais
88%
Seclin Nord
85%
Noyelles-Godault Pas-de-Calais
85%
Berck Pas-de-Calais
85%
Hazebrouck Nord
82%
Hénin-Beaumont Pas-de-Calais
82%
Douai Nord
81%
Cambrai Nord
77%
Halluin Nord
73%
Carvin Pas-de-Calais
73%
Bapaume Pas-de-Calais
70%
Bergues Nord
69%
Zutkerque Pas-de-Calais
26%
Aucun quiz correspondant
Distribution des résultats
% des personnes avec chaque résultat
Percentile par nombre de réponses
Votre historique - résultats
Vous n’avez pas pris ce quiz depuis la dernière actualisation